Most Viewed Music Videos by Famous Artists #1 - Statistics

General Stats
  • This quiz has been taken 36 times
  • The average score is 9 of 25
Answer Stats
Artist Songs % Correct
Michael Jackson Billie Jean
87%
Thriller
80%
Shakira Waka Waka
73%
Beat it
67%
Hips Don't Lie
60%
Ed Sheeran Shape of You
57%
Smooth Criminal
47%
Umbrella
47%
Perfect
43%
Rihanna Diamonds
40%
Photograph
33%
Rap God
33%
Without Me
33%
Thinking Out Loud
30%
Eminem Love The Way You Lie
27%
Mockingbird
27%
They Don't Care About Us
27%
Not Afraid
23%
Work
23%
We Found Love
20%
Bad Habits
17%
Can't Remember to Forget You
13%
Chantaje
13%
Stay
13%
La La La
7%
No matching quizzes found
Score Distribution
Percent of People with Each Score
Percentile by Number Answered
Your Score History
You have not taken this quiz